000 00450nam a2200181 i 4500
001 bg
100 1 _aSUSKI, Marian
245 0 _aTechnika mikrofalowa /
_cRomuald Litwin, Marian Suski.
260 _aWarszawa :
_bWNT,
_c1972.
650 9 _aMikrofale
655 _aPodręczniki akademickie
700 1 _aLITWIN, Romuald
040 _cBPK
041 _apol
080 _a621.396(075.8)
942 _cKS
008 s pl f |000 0 pol
999 _c7469
_d7469
856 _uhttp://koha.tu.koszalin.pl/cgi-bin/koha/opac-detail.pl?biblionumber=7469
_yKatalog online BPK